[Event "Podillya It"]
[Site "Khmelnitsky UKR"]
[Date "2008.09.30"]
[Round "7"]
[White "Nyzhnyk,I"]
[Black "Nechaev,An"]
[Result "0-1"]
[WhiteElo "2428"]
[BlackElo "2394"]

1.d4 g6 2.e4 Bg7 3.Nc3 c5 4.Nf3 cxd4 5.Nxd4 Nc6 6.Be3 Nf6 7.f3 O-O 8.Nb3 a5
9.a4 d5 10.exd5 Nb4 11.d6 Bf5 12.Nd4 Qxd6 13.Nxf5 Qe6 14.Qe2 gxf5 15.Kf2 Nfd5
16.Nxd5 Nxd5 17.c3 f4 18.Bc5 Qh6 19.Kg1 Rac8 20.Bf2 Rfd8 21.Re1 e6 22.g4 Bf8
23.h4 Bc5 24.Bxc5 Rxc5 25.Qe5 b6 26.Rd1 Re8 27.g5 Qh5 28.Qe4 f5 29.gxf6 Nxf6
30.Qxf4 Rf5 31.Qd4 Rd5 32.Qxf6 Rxd1 33.Kh2 Rd2+ 34.Kh3 Qf5+ 35.Qxf5 exf5
36.Kg3 Kg7 37.Bb5 Rg8 38.Kf4 Kf6 39.Re1 Rh2 40.Rd1 Rxh4+ 41.Ke3 Ke5 42.Rd7 Rg6
43.f4+ Rxf4 44.Re7+ Kf6 45.Rxh7 Kg5 46.Rh5+ Kxh5 47.Kxf4 Rg2 48.Kxf5 Rxb2
49.c4 Rd2 50.Ke5 Kg6 51.Ke6 Rd4 52.Ba6 Kg5 53.Ke5 Rd8 54.Bb7 Kg4 55.Bd5 Kg3
56.Kd4 Rc8 57.Ke3 Rc5 58.Bf7 Kg4 59.Kd4 Kf5 60.Be8 Ke6 61.Bg6 Kd6 62.Be4 Rh5
63.Bg2 Rh4+ 64.Kc3 Kc5  0-1

[Event "ch-Commonwealth"]
[Site "Nagpur IND"]
[Date "2008.10.02"]
[Round "6"]
[White "Naresh,Ka"]
[Black "Jugele,A"]
[Result "0-1"]
[WhiteElo "1718"]
[BlackElo "1904"]

1.e4 g6 2.d4 Bg7 3.Nc3 c5 4.Be3 Qa5 5.Qd2 Nf6 6.Nf3 Nc6 7.d5 Nb4 8.a3 Nxe4
9.Qc1 Nxd5 10.b4 Bxc3+ 11.Bd2 Nxd2 12.bxa5 Nb3+ 13.Kd1 Nxc1 14.Rxc1 Bb2 15.Bc4 Nc3+
16.Kd2 Ne4+ 17.Ke3 Bxc1+ 18.Rxc1 Nf6 19.Ng5 d5 20.Bb3 Bd7 21.a6 b6 22.Rd1 c4
23.Ba2 O-O 24.Bxc4 dxc4  0-1

[Event "Chigorin Memorial"]
[Site "St Petersburg RUS"]
[Date "2008.10.04"]
[Round "1"]
[White "Kuzmin,Yuriy"]
[Black "Gubajdullin,A"]
[Result "0-1"]
[WhiteElo "2122"]
[BlackElo "2462"]

1.e4 g6 2.d4 Bg7 3.Nc3 a6 4.g3 b5 5.Bg2 Bb7 6.Nge2 Nf6 7.a3 d6 8.O-O Nfd7
9.Bg5 Nb6 10.h3 N8d7 11.Qd3 c5 12.d5 b4 13.axb4 cxb4 14.Nd1 a5 15.Re1 Nc5
16.Qf3 a4 17.Be3 b3 18.Bxc5 dxc5 19.cxb3 O-O 20.bxa4 Nc4 21.Nec3 Qa5 22.Rc1 Qb4
23.Bf1 Nd2 24.Qe3 Nb3 25.Rb1 Bd4 26.Qh6 f6 27.Bg2 c4 28.h4 Nc5 29.Bf1 Nxa4
30.Qd2 Be5 31.Qe2 Nc5 32.Ne3 Ba6 33.Ng4 Bd6 34.Ne3 Rab8 35.Qd1 Nd3 36.Bxd3 cxd3
37.h5 Kg7 38.hxg6 hxg6 39.Qg4 Bc8 40.Qd1 Qd4 41.Qd2 Rh8 42.Kg2 Bh3+ 43.Kg1 Qe5
44.f4 Qh5 45.Qf2 Bf1  0-1

[Event "4NCL 2008-9"]
[Site "Sunningdale ENG"]
[Date "2008.10.05"]
[Round "2"]
[White "Trent,L"]
[Black "Turner,Ma"]
[Result "1/2-1/2"]
[WhiteElo "2470"]
[BlackElo "2493"]

1.d4 g6 2.e4 Bg7 3.Nc3 c5 4.dxc5 Qa5 5.Bd2 Qxc5 6.Nd5 Na6 7.Bxa6 bxa6 8.Bb4 Qc6
9.Nf3 d6 10.O-O Nf6 11.Bc3 Be6 12.Re1 Bxd5 13.exd5 Qb7 14.Qe2 O-O 15.Qxe7 Qxe7
16.Rxe7 Nxd5 17.Bxg7 Nxe7 18.Bxf8 Kxf8 19.Rd1 Rb8 20.b3 Rc8 21.Rd2 Rc5 22.h4 Rd5
23.Rd4 Rxd4 24.Nxd4 Nd5 25.Kf1 Ke8 26.Ke1 Kd7 27.Kd2 h6 28.c4 Nf6 29.f3 Kc7
30.Kc3 Nh5 31.Ne2 Ng7 32.Nd4 Nh5 33.Ne2 Ng7 34.g4 Ne6 35.f4 Kb6 36.f5 gxf5
37.gxf5 Nc5 38.Kd4 Kc6 39.Nc3 Nd7 40.Nd5 Ne5 41.Nb4+ Kd7 42.Ke4 a5 43.Nd3 Nc6
44.a3 a6 45.c5 f6 46.cxd6 Kxd6 47.Nb2 Kd7 48.Nc4 Ke7 49.Kd5 Kd7 50.Nb6+ Kc7
51.Na4 Ne5 52.Ke6 h5 53.Kxf6 Nf3 54.Kg7 Nxh4 55.f6 Nf3 56.Nc5 Ne5 57.Ne4 Kc6
58.Ng5 h4 59.Kh6 Ng4+ 60.Kg6 Kd5 61.Nf3 Nxf6 62.Kxf6 h3  1/2-1/2

[Event "24th ECC"]
[Site "Kallithea GRE"]
[Date "2008.10.21"]
[Round "5"]
[White "Bezold,M"]
[Black "Kovachev,D"]
[Result "1-0"]
[WhiteElo "2513"]
[BlackElo "2229"]

1.d4 g6 2.e4 Bg7 3.Nc3 c5 4.d5 d6 5.Nf3 Nf6 6.Bb5+ Bd7 7.a4 O-O 8.h3 Na6
9.O-O Nc7 10.Bc4 a6 11.a5 Bb5 12.Qd3 Bxc4 13.Qxc4 Nd7 14.Re1 Rb8 15.Na4 b5
16.axb6 Nxb6 17.Nxb6 Rxb6 18.c3 Qd7 19.Qe2 e6 20.dxe6 fxe6 21.e5 d5 22.Be3 Qb5
23.b4 d4 24.bxc5 d3 25.Qd1 Rbb8 26.Qa4 Qb2 27.Qc6 Rbc8 28.Bd4 Bh6 29.Reb1 Qe2
30.Re1 Qb2 31.Qe4 d2 32.Red1 Ra8 33.Rab1 Qa2 34.Rb7 Nd5 35.Qh4 Qa4 36.Rxd2 Qc6
37.Rdb2 Bg7 38.c4 Nc7 39.R2b6 Qd7 40.Rd6 Qc8 41.c6 a5 42.Rd7 Ne8 43.Ng5 h6
44.Nxe6  1-0

[Event "SenWM"]
[Site "Bad Zwischenahn GER"]
[Date "2008.10.31"]
[Round "4"]
[White "Pribyl,Jo"]
[Black "Troeger,R"]
[Result "1-0"]
[WhiteElo "2343"]
[BlackElo "2203"]

1.d4 g6 2.e4 Bg7 3.Nc3 c5 4.d5 d6 5.Nf3 Nf6 6.Bb5+ Nfd7 7.a4 Na6 8.O-O Nc7
9.Be2 b6 10.Re1 a6 11.Bf4 Rb8 12.Qd2 O-O 13.Bh6 f6 14.Bxg7 Kxg7 15.Nh4 b5
16.f4 b4 17.Nd1 a5 18.Ne3 Ba6 19.Bxa6 Nxa6 20.Nc4 Ra8 21.Nf3 Nab8 22.e5 Nb6
23.exf6+ exf6 24.Nxb6 Qxb6 25.Re7+ Rf7 26.Rxf7+ Kxf7 27.f5 Nd7 28.Qh6 Nf8
29.Rf1 c4+ 30.Kh1 Re8 31.h4 Qe3 32.fxg6+ hxg6 33.Qh8 f5 34.Ng5+ Ke7 35.Qg7+ Kd8
36.Nf7+ Kc7 37.Ne5+ Kc8 38.Nxc4 Qc5 39.b3  1-0

[Event "38th Olympiad"]
[Site "Dresden GER"]
[Date "2008.11.15"]
[Round "3"]
[White "Macias Murillo,B"]
[Black "Lam Mingo Kwok Wai"]
[Result "1-0"]
[WhiteElo "2333"]
[BlackElo "1665"]

1.e4 g6 2.d4 Bg7 3.Nc3 c5 4.Nf3 Qa5 5.Be2 Nf6 6.O-O cxd4 7.Nxd4 d6 8.Be3 Nc6
9.Nb3 Qd8 10.f4 O-O 11.Bf3 a6 12.Kh1 Bd7 13.Qe2 Rc8 14.Rad1 Qc7 15.g4 b5
16.g5 Bh3 17.gxf6 Bxf1 18.Qxf1 Bxf6 19.Nd5 Qb8 20.Nxf6+ exf6 21.Qg2 Nb4 22.Nd4 Rfe8
23.a3 Nd5 24.Bd2 Rc4 25.Ne2 Nb6 26.Bc3 Nd7 27.Ng3 Qc7 28.Nf5 Rxc3 29.bxc3 Qxc3
30.Nxd6 Rf8 31.Rd3 Qb2 32.Qd2 Nc5 33.Rc3 Ne6 34.Rd3 Nc5 35.Re3 Rd8 36.e5 fxe5
37.fxe5 Ne6 38.Bd5 Qa1+ 39.Re1 Qxa3 40.Qf2 Rxd6 41.exd6 Qxd6 42.Qf3 Qb4 43.Qe4 Qxe4+
44.Rxe4  1-0

[Event "38th Olympiad w"]
[Site "Dresden GER"]
[Date "2008.11.19"]
[Round "6"]
[White "Stojanovic,An"]
[Black "Michna,Mart"]
[Result "1/2-1/2"]
[WhiteElo "2357"]
[BlackElo "2399"]

1.d4 g6 2.e4 Bg7 3.Nc3 d5 4.Be3 c6 5.Be2 dxe4 6.Nxe4 Nd7 7.c4 Ndf6 8.Nxf6+ Nxf6
9.Nf3 Ng4 10.Bf4 c5 11.h3 Nf6 12.Be5 Qa5+ 13.Qd2 Qxd2+ 14.Nxd2 cxd4 15.Bxd4 Nh5
16.Bxg7 Nxg7 17.Bf3 Nf5 18.O-O-O Nd4 19.Bd5 Bf5 20.b3 O-O-O 21.g4 Be6 22.Be4 b5
23.cxb5 Nxb5 24.Kb2 Rd4 25.Bc2 h5 26.a4 Nd6 27.f3 hxg4 28.Kc3 Rf4 29.hxg4 Rd8
30.Rhf1 Kb8 31.Rde1 Rc8+ 32.Kb2 Rb4 33.Re3 Rh8 34.Ka3 Rf4 35.Rfe1 Rh2 36.R1e2 Rxe2  1/2-1/2

[Event "TCh-AUT 2nd Bundesliga Ost 2008-9"]
[Site "Austria AUT"]
[Date "2008.11.22"]
[Round "4"]
[White "Zoernpfenning,S"]
[Black "Alvir,A"]
[Result "1/2-1/2"]
[WhiteElo "2115"]
[BlackElo "2386"]

1.e4 g6 2.d4 Bg7 3.Nc3 c5 4.dxc5 Bxc3+ 5.bxc3 Qa5 6.Qd4 Nf6 7.Bd2 O-O 8.Bd3 Nc6
9.Qe3 Ng4 10.Qg3 Nge5 11.Ne2 Qxc5 12.h4 d5 13.exd5 Qxd5 14.Nf4 Nxd3+ 15.cxd3 Qe5+
16.Kf1 Qf5 17.Re1 Rd8 18.c4 e5 19.Nd5 Be6 20.Bg5 Bxd5 21.Bxd8 Bxc4 22.dxc4 Rxd8
23.h5 Rd3 24.f3 g5 25.h6 f6 26.Qf2 Nd4 27.Rh3 Qc8 28.Rc1 Qc5 29.f4 Rxh3 30.gxh3 Qa3
31.Rd1 Qxh3+ 32.Ke1 Qc3+ 33.Kf1 Qxc4+ 34.Kg1 Qe6 35.Qg2 Kf7 36.fxg5 fxg5
37.Qe4 Qxh6 38.Qxb7+ Kg6 39.Qe4+ Kf6 40.Re1 Qh4 41.Qxe5+ Kg6 42.Qe8+ Kh6
43.Qf8+ Kg6 44.Qe8+  1/2-1/2

[Event "It"]
[Site "Sisak CRO"]
[Date "2008.12.03"]
[Round "6"]
[White "Perkovic,I"]
[Black "Sertic,D USA"]
[Result "1/2-1/2"]
[WhiteElo "2132"]
[BlackElo "2236"]

1.e4 g6 2.d4 Bg7 3.Nc3 c5 4.Be3 Qa5 5.a3 Nc6 6.Nf3 cxd4 7.Nxd4 Nf6 8.Bd3 d5
9.O-O O-O 10.Qc1 Rd8 11.Nb3 Qc7 12.exd5 Nxd5 13.Nxd5 Rxd5 14.Bf4 e5 15.Bg3 Nd4
16.Nxd4 Rxd4 17.Qe3 Rd8 18.Rfe1 f6 19.f4 Re8 20.fxe5 fxe5 21.Be4 Bf5 22.Rad1 Rac8
23.Qb3+ Kh8 24.c3 b6 25.Qc2 Bg4 26.Ra1 Rcd8 27.h3 Be6 28.Rad1 Qf7 29.Qe2 Bb3
30.Bc2 Rxd1 31.Qxd1 Bxc2 32.Qxc2 Qf5 33.Qa4 Re7 34.Qb4 Bf6 35.Bxe5 Kg8 36.Qc4+ Kf8
37.Bd6 Qd7 38.Bxe7+ Bxe7 39.Rf1+ Kg7 40.Kh1 Bf6 41.Qg4 Qe7 42.Rd1 Qe5 43.Rf1 Be7
44.Qd4 Qxd4 45.cxd4 Bf6 46.Rd1 Kf7 47.b3 Ke6 48.d5+ Kd6 49.Kg1 Bb2 50.a4 Ba3
51.Kf2 Bc5+ 52.Kf3 Ke5 53.h4 h6 54.g4 g5 55.hxg5 hxg5 56.d6 Bxd6 57.Rxd6 Kxd6
58.Ke4 Ke6 59.b4 a6 60.Kd4 Kd6  1/2-1/2

[Event "58th ch-GRE"]
[Site "Rhodes GRE"]
[Date "2008.12.09"]
[Round "10"]
[White "Gavrilakis,N"]
[Black "Darmarakis,M"]
[Result "0-1"]
[WhiteElo "2426"]
[BlackElo "2194"]

1.e4 c5 2.Nc3 g6 3.d4 Bg7 4.d5 d6 5.f4 a6 6.a4 e6 7.Nf3 Ne7 8.Bc4 exd5 9.Nxd5 Nbc6
10.O-O O-O 11.c3 Be6 12.Ng5 Bxd5 13.exd5 Na5 14.Bd3 h6 15.Nf3 Qd7 16.c4 b5
17.axb5 axb5 18.cxb5 c4 19.Rxa5 Rxa5 20.Bxc4 Qa7+ 21.Kh1 Ra1 22.Qd3 Rc8 23.b3 h5
24.Bd2 Rxf1+ 25.Qxf1 Ra8 26.h3 Qc5 27.Kh2 Ra1 28.Qe2 Nf5 29.Qe8+ Bf8 30.Bc3 Ra7
31.Qe2 Re7 32.Qd2 Bh6 33.Ng5 h4 34.Bb4 Qc8 35.b6 Ng3 36.Qd3 Re2 37.Qd4 Bg7
38.Qd1 Ra2 39.Be1 Ra1 40.Qd2 Qxc4  0-1

[Event "TCh-NED 2008-9"]
[Site "Netherlands NED"]
[Date "2008.12.13"]
[Round "4"]
[White "Zatonskih,A"]
[Black "Martens,M"]
[Result "1-0"]
[WhiteElo "2446"]
[BlackElo "2413"]

1.d4 g6 2.e4 Bg7 3.Nc3 d5 4.exd5 Nf6 5.Bc4 Nbd7 6.Qf3 Nb6 7.Bb3 a5 8.a4 Bg4
9.Qg3 Bf5 10.Nf3 Nbxd5 11.Nxd5 Nxd5 12.O-O c6 13.Re1 O-O 14.Bg5 Re8 15.Re2 Qb8
16.Qh4 f6 17.Bd2 g5 18.Qg3 Qxg3 19.hxg3 Kf8 20.Nh2 b6 21.Nf1 Red8 22.Ne3 Nxe3
23.Bxe3 Rab8 24.f3 Rd6 25.Bf2 Rb7 26.g4 Bg6 27.Be6 Bf7 28.Bc8 Ra7 29.Bf5 h6
30.Rae1 Bc4 31.Re4 Bd5 32.R4e3 Bf7 33.b3 Rb7 34.R3e2 Ke8 35.Bg3 Rd8 36.Bf2 Rd6
37.Bc8 Ra7 38.c4 Bf8 39.Bf5 Rb7 40.Bg3 Rd8 41.Bf2 Rbb8 42.Be6 Bxe6 43.Rxe6 Kd7
44.d5 cxd5 45.Bxb6 Rdc8 46.cxd5 Rc3 47.Bxa5 Rcxb3 48.d6 exd6 49.Rxf6 Ra3
50.Rf7+ Kc6 51.Bc7 Rc8 52.a5 Ra2 53.Bb6 Ra8 54.Re6 Rc8 55.Ref6 Kb5 56.Rxf8 Rcc2
57.Rxd6 Rxg2+ 58.Kf1 Rh2 59.Rf5+ Kb4 60.Rd1 Kb3 61.Bg1  1-0

[Event "8th Amplico AIG Life Rapid"]
[Site "Warsaw POL"]
[Date "2008.12.20"]
[Round "2"]
[White "Gdanski,J"]
[Black "Pietocha,P"]
[Result "1-0"]
[WhiteElo "2507"]
[BlackElo "2090"]

1.e4 g6 2.d4 Bg7 3.Nc3 d5 4.exd5 Nd7 5.Nf3 Ngf6 6.Bc4 O-O 7.Bb3 Nb6 8.O-O Nbxd5
9.Nxd5 Nxd5 10.Re1 c6 11.h3 Qc7 12.Ne5 Bf5 13.c4 Bxe5 14.Rxe5 Nb4 15.g4 Nd3
16.gxf5 Nxe5 17.Bf4 Qd7 18.Bxe5 Qxf5 19.Qg4 Qxg4+ 20.hxg4 f6 21.Bg3 Rad8
22.d5 f5 23.Re1 Rd7 24.gxf5 gxf5 25.Re6 Rf6 26.Rxf6 exf6 27.d6 Rg7 28.c5+ Kf8
29.Kf1 b6 30.cxb6 axb6 31.Be6 Ra7 32.Bh4 Kg7 33.d7 Ra8 34.Bg3 Kf8 35.Bd6+  1-0

[Event "8th Amplico AIG Life Rapid"]
[Site "Warsaw POL"]
[Date "2008.12.20"]
[Round "8"]
[White "Pazderski,Z"]
[Black "Kuzmicz,K"]
[Result "1/2-1/2"]
[WhiteElo "2209"]
[BlackElo "2408"]

1.d4 g6 2.e4 Bg7 3.Nc3 c5 4.d5 d6 5.Bb5+ Bd7 6.a4 Nf6 7.Nf3 O-O 8.O-O Na6
9.e5 dxe5 10.Nxe5 Bxb5 11.axb5 Nb4 12.Re1 Nfxd5 13.Nxd5 Nxd5 14.c4 Nb6 15.Nd3 Nxc4
16.Nxc5 Qxd1 17.Rxd1 Rfd8 18.Bg5 Bxb2 19.Nxb7 Rdb8 20.Ra4 Rxb7 21.Rxc4 f6
22.Be3 Rxb5 23.Rc7 Ba3 24.Rxa7 Rxa7 25.Bxa7 Kf7 26.g3 g5 27.h3 h5 28.Rd4 Ra5
29.Bb6 Ra6 30.Rd3 Bd6 31.Be3 Ra4 32.Rc3 Ra3 33.Rxa3 Bxa3 34.g4 Kg6 35.Kf1 Bd6
36.Ke2 e6 37.f3 f5 38.Kd3 e5 39.Bb6 e4+ 40.Ke2 Bf4 41.gxf5+ Kxf5 42.fxe4+ Kxe4
43.Kf2 Be5 44.Kg2 Bd4 45.Bc7  1/2-1/2

[Event "8th Amplico AIG Life Rapid"]
[Site "Warsaw POL"]
[Date "2008.12.21"]
[Round "9"]
[White "Kopczynski,M"]
[Black "Skalski,M"]
[Result "1/2-1/2"]
[WhiteElo "2239"]
[BlackElo "2448"]

1.e4 g6 2.d4 Bg7 3.Nc3 c5 4.Nf3 Qa5 5.Be2 Nf6 6.O-O cxd4 7.Nxd4 Nc6 8.Be3 O-O
9.Qd2 Nxd4 10.Qxd4 d6 11.Qd2 Be6 12.Rad1 Rfc8 13.Bd4 a6 14.a3 Nd7 15.Nd5 Qd8
16.Bxg7 Kxg7 17.Nf4 Qb6 18.Nxe6+ fxe6 19.c3 Nf6 20.Bd3 Rc5 21.Qe2 e5 22.Kh1 Rf8
23.Bc2 Qc7 24.Kg1 Kg8 25.Kh1 Kh8 26.Kg1 Kg7 27.Kh1 Qc8 28.Bb3 Nh5 29.g3 Qh3
30.Bd5 Rc7 31.Rd3 Nf6 32.f3 Nh5 33.f4 exf4 34.g4 Ng3+ 35.Rxg3 fxg3 36.Rxf8 Kxf8
37.Qf3+ Kg7 38.Qf7+ Kh6 39.Qf4+ Kg7 40.Qf7+  1/2-1/2

[Event "5th Open"]
[Site "Vandoeuvre les Nancy FRA"]
[Date "2008.12.26"]
[Round "1"]
[White "Congiu,M"]
[Black "Bauer,Ch"]
[Result "0-1"]
[WhiteElo "2230"]
[BlackElo "2592"]

1.e4 g6 2.d4 Bg7 3.Nc3 a6 4.a4 d6 5.Bc4 Nc6 6.Nge2 Nf6 7.Bg5 h6 8.Bh4 O-O
9.O-O Nxe4 10.Nxe4 d5 11.Bxd5 Qxd5 12.N4c3 Qd7 13.d5 Nb4 14.Ra3 b6 15.Rb3 a5
16.Nb5 Bb7 17.Bg3 Rac8 18.c3 Qxd5 19.Nf4 Qxd1 20.Rxd1 Rfd8 21.Re1 Nc2 22.Rc1 e5
23.Nh3 Bd5 24.c4 Bxc4 25.Rc3 Bxb5  0-1

[Event "Open"]
[Site "Pamplona ESP"]
[Date "2008.12.27"]
[Round "7"]
[White "Zamarbide Inarrea,D"]
[Black "Ruiz Escobar,R"]
[Result "1-0"]
[WhiteElo "2079"]
[BlackElo "2028"]

1.e4 g6 2.d4 Bg7 3.Nc3 d5 4.exd5 Nf6 5.Nf3 Nbd7 6.Bb5 O-O 7.Bxd7 Bxd7 8.Ne5 Bf5
9.g4 Be4 10.Nxe4 Nxe4 11.c4 Qd6 12.Qe2 Qb4+ 13.Kd1 Qa4+ 14.Ke1 Nd6 15.b3 Qe8
16.Bb2 Qd8 17.Kd2 Re8 18.Kc2 e6 19.dxe6 Rxe6 20.Qf3 f5 21.Rhe1 c6 22.Nxc6 Qd7
23.Qd5 Re8 24.gxf5 Qxc6 25.Qxc6 Re2+ 26.Kd3 bxc6 27.Rxe2 Rxe2 28.Kxe2 Nxf5
29.Rb1  1-0

[Event "Christmas Master Open"]
[Site "Zurich SUI"]
[Date "2008.12.27"]
[Round "2"]
[White "Good,D"]
[Black "Czebe,A"]
[Result "0-1"]
[WhiteElo "2176"]
[BlackElo "2468"]

1.e4 g6 2.d4 Bg7 3.Nc3 a6 4.Be3 b5 5.Qd2 Bb7 6.Bd3 d6 7.Nf3 Nd7 8.a4 b4 9.Ne2 c5
10.c3 bxc3 11.bxc3 Ngf6 12.Ng3 Qa5 13.O-O O-O 14.Rfb1 Rab8 15.Qe2 Ba8 16.Bd2 Rxb1+
17.Rxb1 Qxa4 18.Bxa6 Rb8 19.Bb5 Qa7 20.Qe1 e6 21.h3 Qc7 22.Bf4 e5 23.dxe5 dxe5
24.Bg5 h6 25.Bxf6 Nxf6 26.Bc4 Ne8 27.Rxb8 Qxb8 28.Qd1 Bc6 29.Qb3 Qxb3 30.Bxb3 Nd6
31.Nd2 Bb5 32.Bd5 Bd3 33.Nb3 c4 34.Nc5 Nb5 35.Nb7 Nxc3  0-1

[Event "Czech Christmas"]
[Site "Litomysl CZE"]
[Date "2008.12.31"]
[Round "7"]
[White "Zeberski,J"]
[Black "Popchev,M"]
[Result "1-0"]
[WhiteElo "2398"]
[BlackElo "2426"]

1.e4 g6 2.d4 Bg7 3.Nc3 Nc6 4.Nf3 d6 5.Be2 Nf6 6.O-O O-O 7.d5 Ne5 8.Nxe5 dxe5
9.Be3 e6 10.dxe6 Bxe6 11.Qxd8 Rfxd8 12.Rfd1 Rxd1+ 13.Rxd1 c6 14.f3 Bf8 15.a3 Nd7
16.Kf2 b5 17.a4 a6 18.Ra1 Rc8 19.Bd3 Bc5 20.axb5 axb5 21.Bxc5 Nxc5 22.Be2 Rb8
23.Ra5 Kf8 24.b4 Nd7 25.Ra6 Nb6 26.Nd1 Ke7 27.Nb2 Kd6 28.Nd3 Nd7 29.Ke3 f5
30.f4 fxe4 31.fxe5+ Ke7 32.Kxe4 Bd5+ 33.Kd4 Bxg2 34.Ra7 Ke8 35.e6 Nf8 36.Nf4 Bh1
37.Ke5 Rb6 38.Kf6 Rb8 39.Re7+  1-0

[Event "47th XtraCon TCh-DEN 2008-9"]
[Site "Denmark DEN"]
[Date "2009.01.11"]
[Round "5"]
[White "Brinck Claussen,B"]
[Black "Rewitz,P"]
[Result "1-0"]
[WhiteElo "2275"]
[BlackElo "2263"]

1.e4 g6 2.d4 Bg7 3.Nc3 d5 4.exd5 Nf6 5.Bc4 Nbd7 6.Bb3 Nb6 7.Nf3 a5 8.a3 a4
9.Ba2 O-O 10.O-O Nbxd5 11.Nxd5 Nxd5 12.Re1 Bg4 13.h3 Bxf3 14.Qxf3 c6 15.Bg5 Bxd4
16.Rad1 Qb6 17.Bxd5 cxd5 18.Bxe7 Rfe8 19.c3 Bg7 20.Qxd5 Qxb2 21.c4 b6 22.Bb4 Bf6
23.Rxe8+ Rxe8 24.Qc6 Rb8 25.Qxa4 Qe2 26.Re1  1-0

[Event "6th ch-Mediterranean"]
[Site "Antalya TUR"]
[Date "2009.01.12"]
[Round "3"]
[White "Sedina,E"]
[Black "Apaydin,F"]
[Result "1/2-1/2"]
[WhiteElo "2380"]
[BlackElo "2200"]

1.e4 g6 2.d4 Bg7 3.Nc3 c5 4.d5 d6 5.Nf3 Bg4 6.Be2 Nf6 7.O-O O-O 8.Bf4 Nfd7
9.Nd2 Bxe2 10.Qxe2 Na6 11.Nc4 Nc7 12.a4 Nb6 13.Ne3 Kh8 14.h3 f5 15.a5 Nd7
16.exf5 gxf5 17.Qd3 Qc8 18.Kh1 Ne5 19.Bxe5 dxe5 20.f4 e4 21.Qc4  1/2-1/2

[Event "Queenstown Classic"]
[Site "Queenstown NZL"]
[Date "2009.01.19"]
[Round "5"]
[White "Saw,G"]
[Black "Van Delft,M"]
[Result "1-0"]
[WhiteElo "2257"]
[BlackElo "2397"]

1.e4 g6 2.d4 Bg7 3.Nc3 a6 4.f4 b5 5.Nf3 Bb7 6.Bd3 d6 7.O-O Nd7 8.e5 e6 9.a4 b4
10.Ne4 Bxe4 11.Bxe4 d5 12.Bd3 c5 13.dxc5 Bf8 14.Be3 Bxc5 15.Qd2 Qb6 16.Bxc5 Qxc5+
17.Kh1 Ne7 18.Rfc1 O-O 19.c3 bxc3 20.Rxc3 Qa5 21.b4 Qb6 22.a5 Qb7 23.Rac1 Rac8
24.Rxc8 Rxc8 25.Rxc8+ Nxc8 26.Qc3 Na7 27.Nd4 h5 28.h4 Kg7 29.g3 Kg8 30.Kg1 Kh7
31.Kf1 Kg8 32.Ke2 Kg7 33.Kd2 Kg8 34.Kc2 Kg7 35.Kb3 Kg8 36.Ka3 Kg7 37.Be2 Kg8
38.Ka4 Kg7 39.Bd3 Kg8 40.Ka3 Kg7 41.Bc2 Kf8 42.Ba4 Ke7 43.Nc6+ Nxc6 44.Qxc6 Qxc6
45.Bxc6 Nb8 46.Ba4 f6 47.b5 fxe5 48.fxe5 g5 49.hxg5 Kf7 50.b6 Kg6 51.Kb4 Kxg5
52.Kc5 Kg4 53.Bd1+  1-0

[Event "Queenstown Classic"]
[Site "Queenstown NZL"]
[Date "2009.01.19"]
[Round "5"]
[White "Tan,Ju2"]
[Black "Bennett,H"]
[Result "0-1"]
[WhiteElo "1870"]
[BlackElo "2032"]

1.e4 g6 2.d4 Bg7 3.Nc3 d5 4.exd5 Nf6 5.Bc4 Nbd7 6.a4 Nb6 7.Bb3 Nbxd5 8.Nxd5 Nxd5
9.a5 O-O 10.Ne2 c6 11.Bg5 h6 12.Bh4 Be6 13.Bg3 Qd7 14.O-O Nc7 15.c3 Bxb3
16.Qxb3 Nd5 17.c4 Nf6 18.Rfd1 Nh5 19.Nf4 Nxg3 20.Qxg3 Rad8 21.Rd3 Qf5 22.Ne2 e5
23.Rd2 exd4 24.a6 b6 25.Qc7 Qd7 26.Qf4 Rfe8 27.Rad1 c5 28.b3 Qc8 29.Ra2 Qc6
30.Ng3 Re6 31.h3 Rde8 32.Kh2 h5 33.h4 Re4 34.Nxe4 Be5 35.Qxe5 Rxe5 36.f3 f5
37.Ng5 Re3 38.Kg1 Qe8 39.Kf2 Rxb3 40.Re1 Re3 41.Rae2 f4 42.Ne4 Qe7 43.g3 fxg3+
44.Kxg3 Qe5+ 45.Kg2 Qf4 46.Rxe3 dxe3 47.Rh1 Kg7 48.Ng5 Qxc4  0-1

[Event "Queenstown Classic"]
[Site "Queenstown NZL"]
[Date "2009.01.21"]
[Round "7"]
[White "Zickelbein,EM"]
[Black "Drummond,M"]
[Result "0-1"]
[WhiteElo "2070"]
[BlackElo "2236"]

1.e4 g6 2.d4 Bg7 3.Nc3 a6 4.Be3 b5 5.Qd2 Bb7 6.f3 d6 7.h4 h6 8.O-O-O Nd7
9.h5 g5 10.Nge2 e6 11.d5 e5 12.g3 Ne7 13.f4 exf4 14.gxf4 gxf4 15.Nxf4 Ne5
16.Bd4 b4 17.Bxe5 dxe5 18.Nce2 exf4 19.Qxb4 Rb8 20.Bh3 Bc6  0-1

[Event "Queenstown Classic"]
[Site "Queenstown NZL"]
[Date "2009.01.23"]
[Round "9"]
[White "Krivec,J"]
[Black "Drummond,M"]
[Result "0-1"]
[WhiteElo "2343"]
[BlackElo "2236"]

1.e4 g6 2.d4 Bg7 3.Nc3 a6 4.Be3 d6 5.f4 b5 6.Bd3 Bb7 7.Nf3 Nd7 8.e5 c5 9.Be4 Bxe4
10.Nxe4 Nh6 11.dxc5 Ng4 12.Bg1 dxe5 13.h3 Nh6 14.c6 Nf6 15.Nxf6+ exf6 16.Qxd8+ Rxd8
17.c7 Rc8 18.Bb6 Kd7 19.O-O-O+ Kc6 20.Ba5 Nf5 21.fxe5 fxe5 22.Rd8 e4 23.Nd2 Nd6
24.Rd1 e3 25.Rxd6+ Kxd6 26.Ne4+ Ke5 27.Nd6 e2 28.Nxf7+ Kf6 29.Bc3+ Ke7 30.Bb4+ Kxf7
31.Rd7+ Ke6 32.Rxg7 Kd5 33.Be1 Kc6 34.Bg3 e1=Q+ 35.Bxe1 Rxc7 36.Rxc7+ Kxc7
37.Bc3 Re8 38.Kd2 Kc6 39.Bd4 Kd5 40.Be3 Ke4 41.a3 Rd8+ 42.Ke2 Rc8 43.c3 a5
44.g3 a4 45.h4 Rd8 46.Bd4 Rf8 47.Be3 Kd5 48.Bh6 Rf7 49.Be3 Kc4 50.Bd4 Kb3
51.c4 Kxc4 52.Bc3 Re7+ 53.Kf3 Rd7 54.Kf4 Rd5 55.g4 h5 56.gxh5 gxh5 57.Ke4 Rd3
58.Bf6 Rg3 59.Kf4 Rg2 60.Kf3 Rg4 61.Ke3 Kb3 62.Kf3 Rc4 63.Kg3 Rc2 64.Kf4 Rxb2
65.Bxb2 Kxb2 66.Kg5 Kxa3  0-1

[Event "XXXIV Open"]
[Site "Seville ESP"]
[Date "2009.01.29"]
[Round "7"]
[White "Ramos Suria,F"]
[Black "Diaz Castro,S"]
[Result "0-1"]
[WhiteElo "2096"]
[BlackElo "2223"]

1.e4 g6 2.d4 Bg7 3.Nc3 c5 4.Nf3 cxd4 5.Nxd4 Nc6 6.Be3 Nf6 7.Bc4 O-O 8.Bb3 a5
9.O-O a4 10.Nxa4 Nxe4 11.Nb5 Ra6 12.f3 Nf6 13.Nc5 Ra5 14.a4 d5 15.c3 e5 16.Bc2 d4
17.b4 Ra8 18.cxd4 Nd5 19.Bf2 exd4 20.Nxd4 Ncxb4 21.Ra3 Nf4 22.Ne2 Nxe2+ 23.Qxe2 Nxc2
24.Qxc2 b5 25.Rd3 Qc7 26.Bg3 Qa7 27.Bf2 Bf5 28.axb5 Rfc8 29.Rfd1 Bxd3 30.Rxd3 Qa1+
31.Qd1 Qb2 32.Nb3 h5 33.b6 Rab8 34.Nc5 Qb5 35.b7 Rxc5 36.Rd8+ Rxd8 37.Qxd8+ Kh7
38.b8=Q Rc1+ 39.Be1 Rxe1+ 40.Kf2 Qe2+ 41.Kg3 Be5+  0-1

[Event "68th ch-GEO"]
[Site "Tbilisi GEO"]
[Date "2009.01.30"]
[Round "13"]
[White "Gagunashvili,M"]
[Black "Shanava,K"]
[Result "1-0"]
[WhiteElo "2585"]
[BlackElo "2508"]

1.d4 g6 2.e4 Bg7 3.Nc3 c5 4.d5 d6 5.Nf3 Nf6 6.Be2 O-O 7.O-O Na6 8.Re1 Nc7
9.h3 a6 10.a4 b6 11.Bf4 Bb7 12.Bc4 Nd7 13.Qd3 Ne5 14.Nxe5 dxe5 15.Be3 Qd6
16.Reb1 a5 17.f3 Bc8 18.Qd2 Bd7 19.b3 f5 20.Be2 f4 21.Bf2 g5 22.Nd1 Ne8 23.c3 Qc7
24.b4 Nd6 25.bxc5 bxc5 26.c4 Rfb8 27.Nc3 Rb4 28.Nb5 Bxb5 29.cxb5 Rd4 30.b6 Rxd2
31.bxc7 Ra7 32.Bb5 Rxc7 33.Be1 Rd4 34.Bxa5 Nxb5 35.Bxc7 Nxc7 36.a5 Kf7 37.a6  1-0

[Event "TCh-AUT 2nd Bundesliga Mitte 2008-9"]
[Site "Austria AUT"]
[Date "2009.02.01"]
[Round "6"]
[White "Poetz,F"]
[Black "Bachler,R"]
[Result "1-0"]
[WhiteElo "2255"]
[BlackElo "2241"]

1.e4 g6 2.d4 Bg7 3.Nc3 c5 4.Nf3 b6 5.dxc5 bxc5 6.Qd5 Nc6 7.Bc4 e6 8.Qxc5 Qa5
9.Qe3 Nb4 10.Bb3 Ba6 11.Bd2 Qc7 12.O-O-O Rb8 13.Kb1 Ne7 14.Na4 d6 15.Bc3 O-O
16.Bxg7 Kxg7 17.Qd4+ Kg8 18.Qxd6  1-0

[Event "14th HIT Open"]
[Site "Nova Gorica SLO"]
[Date "2009.02.03"]
[Round "5"]
[White "Tomazini,A"]
[Black "Gjuran,D"]
[Result "0-1"]
[WhiteElo "2206"]
[BlackElo "2344"]

1.e4 c5 2.Nc3 g6 3.d4 Bg7 4.d5 d6 5.Nf3 Nf6 6.Be2 O-O 7.h3 e6 8.O-O exd5
9.exd5 Na6 10.Bg5 Re8 11.Re1 Nc7 12.Qd2 Bf5 13.Nh2 Qc8 14.g4 Bd7 15.Bf3 b5
16.Qf4 Rxe1+ 17.Rxe1 Nce8 18.Bh6 b4 19.Ne2 Bxh6 20.Qxh6 Ng7 21.Ng3 Qd8 22.g5 Nfe8
23.Bg4 f5 24.gxf6 Nxf6 25.Qf4 Qf8 26.Bxd7 Nxd7 27.Qxf8+ Rxf8 28.Ng4 Re8 29.Ne4 Kf8
30.f3 Nf5 31.Kf2 Ne5 32.Ngf6 Re7 33.Ng5 Kg7 34.Nfe4 Nc4 35.Ne6+ Kf7 36.b3 Nb6
37.Nf4 h6 38.h4 Nc8 39.h5 g5 40.Ne6 Nb6 41.Nd8+ Kf8 42.Nc6 Re8 43.Rd1 a6
44.Na5 Re5 45.Nc4 Nxc4 46.bxc4 Ke7 47.a3 bxa3 48.Ra1 g4 49.Rxa3 gxf3 50.Kxf3 Nd4+
51.Kf4 Ne2+ 52.Kf3 Nd4+ 53.Kf4 Rxh5 54.Rxa6 Rh4+ 55.Ke3 Nxc2+ 56.Kf3 Ne1+
57.Ke3 Ng2+ 58.Kd3 Ne1+ 59.Ke3 Nc2+ 60.Kf3 Nd4+ 61.Ke3 Nf5+ 62.Kf3 h5 63.Ra7+ Ke8
64.Ra8+ Kf7 65.Ra7+ Ke8 66.Ra8+ Kf7 67.Ra7+ Kg6 68.Nxd6 Nxd6 69.Ra6 Kf5 70.Rxd6 Rxc4
71.Rh6 Rc3+ 72.Kf2 Ke4 73.Rxh5 c4 74.Ke2 Rd3 75.Rg5 Kd4 76.Rg1 Kc3 77.Rd1 Kc2
78.Ra1 Rxd5 79.Ke3 c3 80.Ra8 Rd7 81.Rc8 Re7+ 82.Kd4 Kd2 83.Ra8 c2 84.Ra2 Kd1  0-1

[Event "14th HIT Open"]
[Site "Nova Gorica SLO"]
[Date "2009.02.05"]
[Round "7"]
[White "Tomazini,A"]
[Black "Kokol,P"]
[Result "0-1"]
[WhiteElo "2206"]
[BlackElo "2332"]

1.e4 c5 2.Nc3 g6 3.d4 Bg7 4.d5 d6 5.Nf3 Nf6 6.Be2 O-O 7.h3 b5 8.Nxb5 Nxe4
9.O-O a6 10.Na3 Nd7 11.Re1 Nb6 12.Bd3 Nf6 13.c4 e6 14.dxe6 fxe6 15.Bg5 Qd7
16.Qd2 Bb7 17.Nh2 Rae8 18.Bh6 Qc6 19.f3 Nbd7 20.Bxg7 Kxg7 21.Rad1 d5 22.Qg5 d4
23.Nf1 Nh5 24.Ng3 Nf4 25.Bf1 h6 26.Qg4 e5 27.Ne4 Nh5 28.Qh4 Rf4 29.Qf2 Ndf6
30.Bd3 Qb6 31.Nxf6 Nxf6 32.Qd2 g5 33.Nc2 a5 34.Rf1 e4 35.fxe4 Nxe4 36.Qc1 Ref8
37.Rxf4 Rxf4 38.Rf1 Rxf1+ 39.Bxf1 Qf6 40.Qe1 Qf4 41.Qe2 h5 42.Ne1 g4 43.Nd3 Qg5
44.Nf2 Nxf2 45.Kxf2 g3+ 46.Kg1 Qe3+ 47.Kh1 Qxe2 48.Bxe2 h4 49.Kg1 Kf6 50.Kf1 Ke5
51.Bh5 Kf4 52.Bf7 Ke3 53.Bd5 Bc8 54.Ke1 d3 55.b3 d2+ 56.Kd1 Bf5 57.Bc6 Kd3
58.b4 Kc3 59.Ba4 Bg4+ 60.hxg4 h3  0-1